Wiener Innenstadt - Karten Quiz - Statistiken

Allgemein
  • Dieses Quiz wurde 771 mal gespielt
  • Das Durchschnittsergebnis liegt bei 10 aus 22
Antworten auf der Karte
Die Antworten werden auf der Karte rot bzw. grün angezeigt, abhängig davon wie oft sie richtig erraten wurden.
 
Antwortstatistiken
Antwort % Korrekt
Hofburg
73%
Naturhistorisches Museum
70%
Universität
66%
Börse
65%
Burgtheater
64%
Rathaus
64%
Kunsthistorisches Museum
61%
Stephansdom
60%
Votivkirche
58%
Parlament
57%
Staatsoper
57%
Rossauer Kaserne
52%
Albertina
46%
Stadttempel
38%
Schottenkirche
27%
Michaelerkirche
26%
Peterskirche
26%
Ruprechtskirche
24%
Minoritenkirche
23%
Augustinerkirche
22%
Kirche am Hof
19%
Maria am Gestade
19%
Keine übereinstimmenden Quizze gefunden
Verteilung der Resultate
Anzahl Personen mit jedem Resultat
Perzentil nach korrekt beantworteten Fragen
Ihre Resultats-Entwicklung
Sie haben dieses Quiz noch nicht gespielt